• 首页
  • 本馆介绍
  • 公告通知
  • 最新文献
  • 馆藏检索
  • 电子资源
  • 读者导购
  • 参考咨询
  • 我的图书馆
  • 登录
  • 详细信息显示
  • 放入我的书架
  • 预约/预借图书
  • 作者相关作品
  • 分类相关作品
  • 丛书相关作品
  • 出版社相关作品

书目信息

  • 表格格式
  • 工作单格式
  • 卡片格式
题名:
在美的和音下共同成长
    
 
作者: 叶霞敏, 主编
分册:  
出版信息: 上海   上海社会科学院出版社  2017
页数: 278页
开本: 26cm
丛书名:
单 册:
中图分类: G633.951.2
科图分类:
主题词: 音乐教育--yin yue jiao yu--教学研究--中学 , 艺术教育--yi shu jiao yu--教学研究--中学
电子资源:
ISBN: 978-7-5520-1995-7
000 01183nam0 2200265 450
001 012001003452
005 20131013111402.0
010    @a978-7-5520-1995-7@dCNY68.00
099    @aCAL 012017121133
100    @a20170809d2017 em y0chiy50 ea
101 0  @achi
102    @aCN@b310000
105    @aa z 000yy
106    @ar
200 1  @a在美的和音下共同成长@Azai mei de he yin xia gong tong cheng zhang@e杨浦区中学音乐、艺术学科教学实践研究成果汇编@f叶霞敏主编
210    @a上海@c上海社会科学院出版社@d2017
215    @a278页@c图@d26cm
330    @a本书是杨浦区中学音乐、艺术学科教育教学成果汇编。共分为三大篇章:教学设计篇、论文篇、培训篇。其中,教学设计篇中分为音乐类和艺术类,音乐类中有10篇课例,艺术类中有12篇课例;论文篇中有11篇论文;培训篇中有7篇培训论文。
517 1  @a杨浦区中学音乐、艺术学科教学实践研究成果汇编@Ayang pu qu zhong xue yin yue 、yi shu xue ke jiao xue shi jian yan jiu cheng guo hui bian
606 0  @a音乐教育@Ayin yue jiao yu@x教学研究@x中学
606 0  @a艺术教育@Ayi shu jiao yu@x教学研究@x中学
690    @aG633.951.2@v4
701  0 @a叶霞敏,@Aye xia min@f1974-@4主编
801    @b江苏凤凰@c20191020
905    @b1232974-7@dG633.951.2@e172@f4
    
    在美的和音下共同成长:杨浦区中学音乐、艺术学科教学实践研究成果汇编/叶霞敏主编.-上海:上海社会科学院出版社,2017
    278页:图;26cm
    
    
    ISBN 978-7-5520-1995-7:CNY68.00
    本书是杨浦区中学音乐、艺术学科教育教学成果汇编。共分为三大篇章:教学设计篇、论文篇、培训篇。其中,教学设计篇中分为音乐类和艺术类,音乐类中有10篇课例,艺术类中有12篇课例;论文篇中有11篇论文;培训篇中有7篇培训论文。
●
相关链接 在E读中查询图书 在五车中查询图书 在当当中查询图书 在豆瓣中查询图书


正题名:在美的和音下共同成长     索取号:G633.951.2/172         预约/预借

序号 登录号 条形码 馆藏地/架位号 状态 备注
1 1232974   212329746   第一样本阅览室/ [索取号:G633.951.2/172] 在馆    
2 1232975   212329755   教育系资料室/ [索取号:G633.951.2/172] 在馆    
3 1232976   212329764   教育系资料室/ [索取号:G633.951.2/172] 在馆    
4 1232977   212329773   第四借阅区/ [索取号:G633.951.2/172] 在馆    
唐山师范学院图书馆 欢迎您!
大连网信软件有限公司© 版权所有